[Event "C14"]
[Site "?"]
[Date "2016.08.07"]
[Round "18.3"]
[White "Ochowicz, Jakub"]
[Black "Psyk, Radoslaw"]
[Result "1-0"]
[LiveChessVersion "1.4.8"]
[BlackElo "2089"]
[WhiteElo "1786"]

1. e4 {[%clk 0:03:04]} Nf6 {[%clk 0:03:01]} 2. e5 {[%clk 0:03:02]} Nd5
{[%clk 0:03:02]} 3. d4 {[%clk 0:03:04]} d6 {[%clk 0:03:03]} 4. c4
{[%clk 0:03:05]} Nb6 {[%clk 0:03:05]} 5. exd6 {[%clk 0:03:06]} exd6
{[%clk 0:03:06]} 6. Nc3 {[%clk 0:03:07]} Be7 {[%clk 0:03:07]} 7. Be3
{[%clk 0:03:07]} O-O {[%clk 0:03:04]} 8. Nf3 {[%clk 0:03:03]} Bf5
{[%clk 0:03:02]} 9. Be2 {[%clk 0:02:59]} Bf6 {[%clk 0:02:58]} 10. O-O
{[%clk 0:02:51]} Nc6 {[%clk 0:02:59]} 11. a3 {[%clk 0:02:44]} d5 {[%clk 0:02:10]}
12. c5 {[%clk 0:02:34]} Nc4 {[%clk 0:01:53]} 13. Bxc4 {[%clk 0:02:11]} dxc4
{[%clk 0:01:54]} 14. d5 {[%clk 0:02:12]} Na5 {[%clk 0:01:52]} 15. Nd4
{[%clk 0:02:04]} Bd3 {[%clk 0:01:52]} 16. Re1 {[%clk 0:02:06]} Bxd4
{[%clk 0:01:42]} 17. Bxd4 {[%clk 0:02:05]} Nb3 {[%clk 0:01:43]} 18. Qg4
{[%clk 0:01:54]} g6 {[%clk 0:01:26]} 19. Qf4 {[%clk 0:01:46]} f6 {[%clk 0:00:41]}
20. Rad1 {[%clk 0:01:30]} Bc2 {[%clk 0:00:42]} 21. Ne4 {[%clk 0:00:38]} Bxd1
{[%clk 0:00:35]} 22. Nxf6+ {[%clk 0:00:34]} Rxf6 {[%clk 0:00:36]} 23. Bxf6
{[%clk 0:00:35]} Qxd5 {[%clk 0:00:25]} 24. Re7 {[%clk 0:00:34]} Qd2
{[%clk 0:00:05]} 25. Qxc7 {[%clk 0:00:20]} Rd8 {[%clk 0:00:03]} 26. Rg7+
{[%clk 0:00:20]} Kh8 {[%clk 0:00:05]} 27. Rxh7+ {[%clk 0:00:21]} Kg8
{[%clk 0:00:06]} 28. Qf7# {[%clk 0:00:22]} 1-0

[Event "C14"]
[Site "?"]
[Date "2016.08.07"]
[Round "18.4"]
[White "Szczurek, Krzysztof"]
[Black "Polczyk, Mikolaj"]
[Result "1-0"]
[LiveChessVersion "1.4.8"]
[BlackElo "1830"]
[WhiteElo "1939"]

1. e4 {[%clk 0:03:02]} c5 {[%clk 0:03:04]} 2. c3 {[%clk 0:03:04]} g6
{[%clk 0:03:04]} 3. d4 {[%clk 0:03:05]} cxd4 4. cxd4 d5 {[%clk 0:03:06]} 5. e5
{[%clk 0:03:08]} f6 {[%clk 0:03:07]} 6. Nf3 {[%clk 0:03:07]} Bg7 {[%clk 0:03:08]}
7. Nc3 {[%clk 0:03:08]} fxe5 {[%clk 0:03:08]} 8. Nxe5 {[%clk 0:03:07]} Nf6
{[%clk 0:02:54]} 9. Bd3 {[%clk 0:02:59]} O-O {[%clk 0:02:53]} 10. O-O
{[%clk 0:03:00]} Nbd7 {[%clk 0:02:52]} 11. Nf3 {[%clk 0:02:54]} Nb6
{[%clk 0:02:39]} 12. Re1 {[%clk 0:02:49]} Bg4 {[%clk 0:02:40]} 13. h3
{[%clk 0:02:48]} Bxf3 {[%clk 0:02:40]} 14. Qxf3 {[%clk 0:02:48]} Ne4
{[%clk 0:02:41]} 15. Qg4 {[%clk 0:02:39]} Nxf2 {[%clk 0:02:31]} 16. Qe6+
{[%clk 0:02:40]} Kh8 {[%clk 0:02:32]} 17. Bb5 {[%clk 0:02:31]} Bxd4
{[%clk 0:02:27]} 18. Be3 {[%clk 0:02:22]} Bxe3 {[%clk 0:02:23]} 19. Rxe3
{[%clk 0:02:23]} d4 {[%clk 0:02:04]} 20. Qe5+ {[%clk 0:01:56]} Kg8
{[%clk 0:02:05]} 21. Qe6+ {[%clk 0:01:57]} Kh8 {[%clk 0:01:58]} 22. Qe5+
{[%clk 0:01:55]} Kg8 {[%clk 0:01:50]} 23. Qe6+ {[%clk 0:01:54]} Rf7
{[%clk 0:01:51]} 24. Rf3 {[%clk 0:01:53]} Qf8 {[%clk 0:01:41]} 25. Rxf2
{[%clk 0:01:52]} Kg7 {[%clk 0:01:36]} 26. Qe5+ {[%clk 0:01:45]} Kg8
{[%clk 0:01:36]} 27. Rxf7 {[%clk 0:01:42]} Qxf7 {[%clk 0:01:38]} 28. Qxd4
{[%clk 0:01:42]} Rf8 {[%clk 0:01:39]} 29. Rf1 {[%clk 0:01:43]} Qe6
{[%clk 0:01:34]} 30. Rxf8+ {[%clk 0:01:36]} Kxf8 {[%clk 0:01:35]} 31. Qe4
{[%clk 0:01:35]} Qd6 {[%clk 0:01:31]} 32. Qe3 {[%clk 0:01:24]} e5
{[%clk 0:01:29]} 33. Be2 {[%clk 0:01:19]} Kg7 {[%clk 0:01:15]} 34. Ne4
{[%clk 0:01:16]} Qe7 {[%clk 0:01:14]} 35. Qc5 {[%clk 0:01:14]} Qe8
{[%clk 0:01:04]} 36. Bb5 {[%clk 0:01:06]} Qe6 {[%clk 0:01:01]} 37. Qc7+
{[%clk 0:01:05]} Kh6 38. Qxh7+ {[%clk 0:01:04]} Kxh7 {[%clk 0:01:01]} 39. Ng5+
1-0

[Event "C14"]
[Site "?"]
[Date "2016.08.07"]
[Round "18.5"]
[White "Mis, Mieszko"]
[Black "Pacan-milej, Kosma"]
[Result "0-1"]
[LiveChessVersion "1.4.8"]
[BlackElo "1703"]
[WhiteElo "1863"]

1. g3 d5 2. Bg2 Nf6 3. Nf3 c6 4. O-O Bg4 5. d4 e6 6. c4 Nbd7 7. Nbd2 Be7 8. b3
O-O 9. Bb2 a5 10. h3 Bh5 11. Ne5 Nxe5 12. dxe5 Nd7 13. g4 Bg6 14. e4 dxe4 15.
Nxe4 Bxe4 16. Bxe4 Nc5 17. Bg2 Qxd1 18. Rfxd1 Rfd8 19. Kf1 a4 20. bxa4 Nxa4 21.
Bd4 Bc5 22. Bxc5 Nxc5 23. Ke2 Kf8 24. f4 Ke7 25. Bf3 Rxd1 26. Kxd1 Ra3 27. Ke2
Nd3 28. Rb1 Nxf4+ 29. Kf2 Nd3+ 30. Ke2 Nc5 31. Rb2 Ra8 32. Ke3 Rd8 33. a4 Rd3+
34. Ke2 Rd4 35. Rb4 Kd7 36. Ke3 Rd3+ 37. Ke2 Kc7 38. h4 Ra3 39. g5 Rxa4 40. Rb1
Rxc4 41. Rf1 Rxh4 42. Bg2 Rg4 43. Rxf7+ Kb6 44. Bf3 Rxg5 45. Kd2 Rxe5 46. Rxg7 h5
47. Rh7 Ka6 48. Bxh5 b5 49. Be2 Kb6 50. Rh8 Ne4+ 51. Kd3 Nc5+ 52. Kd2 Rd5+ 53.
Ke3 Re5+ 54. Kd2 Rd5+ 55. Ke3 Nd7 56. Rh7 Nf6 57. Rf7 Ne8 58. Re7 Nd6 59. Rxe6
Nf5+ 60. Kf4 Nd4 61. Re4 Nxe2+ 62. Rxe2 b4 63. Ke4 Kb5 64. Rc2 Rd8 0-1

[Event "C14"]
[Site "?"]
[Date "2016.08.07"]
[Round "19.1"]
[White "Kosakowski, Jakub"]
[Black "Ochowicz, Jakub"]
[Result "1/2-1/2"]
[LiveChessVersion "1.4.8"]
[BlackElo "1786"]
[WhiteElo "2191"]

1. e4 {[%clk 0:03:03]} c6 {[%clk 0:03:04]} 2. d4 {[%clk 0:03:04]} d5
{[%clk 0:03:05]} 3. Nc3 {[%clk 0:03:05]} dxe4 4. Nxe4 {[%clk 0:03:06]} Bf5
{[%clk 0:03:08]} 5. Ng3 Bg6 6. h4 {[%clk 0:03:06]} h6 {[%clk 0:03:09]} 7. Nf3
{[%clk 0:03:07]} Nd7 {[%clk 0:03:10]} 8. h5 {[%clk 0:03:08]} Bh7 {[%clk 0:03:11]}
9. Bd3 {[%clk 0:03:10]} Bxd3 10. Qxd3 {[%clk 0:03:11]} e6 {[%clk 0:03:14]} 11.
Bd2 {[%clk 0:03:12]} Qc7 {[%clk 0:03:15]} 12. O-O-O {[%clk 0:03:13]} Ngf6
{[%clk 0:03:15]} 13. Ne4 {[%clk 0:03:13]} O-O-O {[%clk 0:03:12]} 14. g3
{[%clk 0:03:14]} Nxe4 {[%clk 0:03:12]} 15. Qxe4 {[%clk 0:03:15]} Nf6
{[%clk 0:03:14]} 16. Qe2 {[%clk 0:03:16]} c5 {[%clk 0:03:08]} 17. Bf4
{[%clk 0:02:52]} Bd6 {[%clk 0:02:50]} 18. Bxd6 {[%clk 0:02:53]} Qxd6
{[%clk 0:02:45]} 19. dxc5 {[%clk 0:02:53]} Qxc5 {[%clk 0:02:45]} 20. Ne5
{[%clk 0:02:54]} Qc7 {[%clk 0:02:37]} 21. c4 {[%clk 0:02:52]} Rxd1+
{[%clk 0:02:29]} 22. Rxd1 {[%clk 0:02:53]} Rd8 {[%clk 0:02:31]} 23. Rxd8+
{[%clk 0:02:53]} Kxd8 {[%clk 0:02:32]} 24. g4 {[%clk 0:02:50]} Ke7
{[%clk 0:02:27]} 25. Kb1 {[%clk 0:02:47]} Nd7 {[%clk 0:02:09]} 26. Nxd7
{[%clk 0:02:29]} Qxd7 {[%clk 0:02:11]} 27. a3 {[%clk 0:02:30]} Qc6
{[%clk 0:01:57]} 28. b3 {[%clk 0:02:20]} Qd6 {[%clk 0:01:47]} 29. Ka2
{[%clk 0:02:20]} a6 {[%clk 0:01:45]} 30. b4 {[%clk 0:02:16]} Qd4 {[%clk 0:01:38]}
31. Kb3 {[%clk 0:02:16]} b6 {[%clk 0:01:20]} 32. f3 {[%clk 0:02:12]} f6
{[%clk 0:00:56]} 33. Qb2 {[%clk 0:01:23]} Qd3+ {[%clk 0:00:50]} 34. Qc3
{[%clk 0:01:24]} Qb1+ {[%clk 0:00:47]} 1/2-1/2

[Event "C14"]
[Site "?"]
[Date "2016.08.07"]
[Round "19.2"]
[White "Szczurek, Krzysztof"]
[Black "Teclaf, Pawel"]
[Result "0-1"]
[LiveChessVersion "1.4.8"]
[BlackElo "2233"]
[WhiteElo "1939"]

1. e4 {[%clk 0:03:02]} e6 {[%clk 0:03:04]} 2. c4 {[%clk 0:03:03]} c5
{[%clk 0:03:02]} 3. Nf3 {[%clk 0:03:02]} Nc6 {[%clk 0:03:03]} 4. d4
{[%clk 0:03:03]} cxd4 {[%clk 0:03:03]} 5. Nxd4 {[%clk 0:03:04]} a6
{[%clk 0:03:05]} 6. Nc3 {[%clk 0:03:04]} d6 {[%clk 0:03:05]} 7. Be3
{[%clk 0:03:03]} Nf6 {[%clk 0:03:06]} 8. Be2 {[%clk 0:02:59]} Be7
{[%clk 0:03:06]} 9. O-O {[%clk 0:02:58]} O-O {[%clk 0:03:06]} 10. a3
{[%clk 0:02:56]} Bd7 {[%clk 0:02:50]} 11. Qc2 {[%clk 0:02:39]} Rc8
{[%clk 0:02:50]} 12. Rac1 {[%clk 0:02:34]} Qc7 {[%clk 0:02:33]} 13. Qb1
{[%clk 0:02:29]} Qb8 {[%clk 0:02:34]} 14. Rfd1 {[%clk 0:02:26]} Rfd8
{[%clk 0:02:24]} 15. f3 {[%clk 0:02:20]} Nxd4 {[%clk 0:02:19]} 16. Bxd4
{[%clk 0:02:18]} b5 {[%clk 0:02:09]} 17. cxb5 {[%clk 0:01:48]} axb5
{[%clk 0:02:10]} 18. Bf2 {[%clk 0:01:34]} Bc6 {[%clk 0:02:05]} 19. Kh1
{[%clk 0:01:32]} Qb7 {[%clk 0:02:05]} 20. Na2 {[%clk 0:01:26]} d5
{[%clk 0:01:58]} 21. exd5 {[%clk 0:01:08]} Nxd5 {[%clk 0:01:57]} 22. Bd3
{[%clk 0:01:02]} g6 {[%clk 0:01:47]} 23. Be4 {[%clk 0:01:00]} f5 {[%clk 0:01:21]}
24. Bd3 {[%clk 0:00:56]} Bf6 {[%clk 0:01:08]} 25. Bf1 {[%clk 0:00:52]} Bg5
{[%clk 0:01:04]} 26. Rc2 {[%clk 0:00:50]} Be8 {[%clk 0:00:47]} 27. Rxc8
{[%clk 0:00:48]} Rxc8 {[%clk 0:00:47]} 28. Bd4 {[%clk 0:00:42]} Bc6
{[%clk 0:00:44]} 29. Nc3 {[%clk 0:00:40]} Nxc3 {[%clk 0:00:45]} 30. bxc3
{[%clk 0:00:36]} Be7 {[%clk 0:00:41]} 31. Qb3 {[%clk 0:00:34]} Bd5
{[%clk 0:00:40]} 32. Qxb5 {[%clk 0:00:34]} Qxb5 {[%clk 0:00:41]} 33. Bxb5
{[%clk 0:00:34]} Bxa3 {[%clk 0:00:42]} 34. Re1 {[%clk 0:00:17]} Bc5
{[%clk 0:00:39]} 35. h3 {[%clk 0:00:12]} Bxd4 {[%clk 0:00:38]} 36. cxd4
{[%clk 0:00:13]} Rc2 {[%clk 0:00:39]} 37. Bd7 {[%clk 0:00:14]} Kf7
{[%clk 0:00:40]} 38. Rd1 {[%clk 0:00:14]} Kf6 {[%clk 0:00:40]} 39. Bb5
{[%clk 0:00:15]} h5 {[%clk 0:00:40]} 40. Bf1 {[%clk 0:00:15]} Rb2
{[%clk 0:00:41]} 41. Ba6 {[%clk 0:00:14]} g5 {[%clk 0:00:41]} 42. Bd3
{[%clk 0:00:14]} g4 {[%clk 0:00:42]} 43. Rf1 {[%clk 0:00:08]} gxh3
{[%clk 0:00:43]} 44. gxh3 {[%clk 0:00:08]} Rd2 {[%clk 0:00:44]} 45. Ba6
{[%clk 0:00:09]} Rxd4 {[%clk 0:00:45]} 46. Kg2 {[%clk 0:00:10]} Rd2+
{[%clk 0:00:46]} 47. Kg3 {[%clk 0:00:10]} e5 {[%clk 0:00:43]} 48. Rb1
{[%clk 0:00:10]} Be6 {[%clk 0:00:35]} 49. Rb6 {[%clk 0:00:07]} f4+
{[%clk 0:00:36]} 50. Kh4 {[%clk 0:00:08]} Rh2 {[%clk 0:00:37]} 51. Bf1
{[%clk 0:00:08]} Kf7 {[%clk 0:00:32]} 52. Kxh5 {[%clk 0:00:05]} Rf2
{[%clk 0:00:31]} 53. Ba6 {[%clk 0:00:05]} Rxf3 {[%clk 0:00:32]} 54. h4
{[%clk 0:00:06]} Rc3 {[%clk 0:00:29]} 55. Rb7+ {[%clk 0:00:07]} Kf6
{[%clk 0:00:30]} 56. Rb6 {[%clk 0:00:08]} Kf5 {[%clk 0:00:24]} 57. Rb8
{[%clk 0:00:08]} Bf7+ {[%clk 0:00:23]} 58. Kh6 {[%clk 0:00:09]} Rc6+
{[%clk 0:00:24]} 59. Kg7 {[%clk 0:00:09]} Rxa6 {[%clk 0:00:26]} 60. Kxf7
{[%clk 0:00:10]} Rh6 {[%clk 0:00:27]} 61. Rb1 {[%clk 0:00:09]} Rxh4
{[%clk 0:00:28]} 62. Re1 {[%clk 0:00:09]} e4 {[%clk 0:00:29]} 63. Ke7
{[%clk 0:00:10]} e3 {[%clk 0:00:30]} 64. Rg1 {[%clk 0:00:12]} e2 {[%clk 0:00:31]}
65. Re1 {[%clk 0:00:13]} f3 {[%clk 0:00:32]} 0-1

[Event "C14"]
[Site "?"]
[Date "2016.08.07"]
[Round "19.3"]
[White "Szpar, Milosz"]
[Black "Kokoszczynski, Jan"]
[Result "1-0"]
[LiveChessVersion "1.4.8"]
[BlackElo "1837"]
[WhiteElo "2000"]

1. e4 {[%clk 0:03:03]} c5 {[%clk 0:03:04]} 2. Nf3 d6 3. d4 {[%clk 0:03:00]} cxd4
{[%clk 0:03:05]} 4. Qxd4 {[%clk 0:03:01]} a6 {[%clk 0:03:06]} 5. Be3
{[%clk 0:03:02]} Nc6 6. Qd2 Nf6 {[%clk 0:02:54]} 7. Nc3 {[%clk 0:03:05]} e6
{[%clk 0:02:30]} 8. O-O-O {[%clk 0:03:05]} Be7 {[%clk 0:02:32]} 9. Be2
{[%clk 0:02:21]} Qc7 {[%clk 0:02:31]} 10. Nd4 {[%clk 0:02:18]} Bd7
{[%clk 0:02:24]} 11. f3 {[%clk 0:02:06]} Nxd4 12. Bxd4 {[%clk 0:02:06]} Bc6
{[%clk 0:01:15]} 13. g4 {[%clk 0:02:03]} O-O {[%clk 0:01:16]} 14. h4 Nd7 15. h5
{[%clk 0:01:38]} b5 {[%clk 0:01:19]} 16. g5 {[%clk 0:01:24]} b4 {[%clk 0:00:21]}
17. Nb1 {[%clk 0:01:25]} f5 {[%clk 0:00:13]} 18. exf5 Rxf5 {[%clk 0:00:16]} 19.
Bd3 {[%clk 0:01:10]} Bxg5 {[%clk 0:00:16]} 20. Be3 {[%clk 0:01:09]} Bxe3
{[%clk 0:00:12]} 21. Qxe3 {[%clk 0:01:09]} Re5 {[%clk 0:00:11]} 22. Qf2
{[%clk 0:00:54]} Nf6 {[%clk 0:00:13]} 23. h6 {[%clk 0:00:49]} g6 {[%clk 0:00:12]}
24. f4 {[%clk 0:00:38]} Rc5 {[%clk 0:00:09]} 25. Rhe1 Qd7 {[%clk 0:00:07]} 26.
Qd4 {[%clk 0:00:31]} Rf8 {[%clk 0:00:08]} 27. Nd2 {[%clk 0:00:26]} Nd5
{[%clk 0:00:09]} 28. Ne4 {[%clk 0:00:21]} 1-0

[Event "C14"]
[Site "?"]
[Date "2016.08.07"]
[Round "19.4"]
[White "Mis, Mieszko"]
[Black "Psyk, Radoslaw"]
[Result "0-1"]
[LiveChessVersion "1.4.8"]
[BlackElo "2089"]
[WhiteElo "1863"]

1. d4 {[%clk 0:03:03]} Nf6 {[%clk 0:03:03]} 2. Nf3 {[%clk 0:03:05]} e6
{[%clk 0:03:04]} 3. Bg5 {[%clk 0:03:05]} d5 {[%clk 0:03:04]} 4. e3
{[%clk 0:03:06]} Be7 {[%clk 0:03:04]} 5. Bd3 {[%clk 0:03:07]} O-O
{[%clk 0:03:04]} 6. Nbd2 {[%clk 0:03:08]} Nbd7 {[%clk 0:02:54]} 7. O-O
{[%clk 0:03:08]} c5 {[%clk 0:02:55]} 8. c3 {[%clk 0:03:09]} b6 {[%clk 0:02:49]}
9. Qe2 {[%clk 0:03:10]} Bb7 {[%clk 0:02:50]} 10. Rae1 {[%clk 0:03:08]} Ne4
{[%clk 0:02:43]} 11. Bxe7 {[%clk 0:03:00]} Qxe7 {[%clk 0:02:44]} 12. Ne5
{[%clk 0:02:46]} Nxe5 {[%clk 0:02:15]} 13. dxe5 {[%clk 0:02:47]} Nxd2
{[%clk 0:02:05]} 14. Qxd2 {[%clk 0:02:45]} Qc7 {[%clk 0:01:42]} 15. f4
{[%clk 0:02:39]} f6 {[%clk 0:01:25]} 16. exf6 {[%clk 0:02:14]} Rxf6
{[%clk 0:01:26]} 17. c4 {[%clk 0:01:53]} Raf8 {[%clk 0:01:05]} 18. cxd5
{[%clk 0:01:33]} exd5 {[%clk 0:01:01]} 19. Qc2 {[%clk 0:01:31]} h6
{[%clk 0:00:58]} 20. b3 {[%clk 0:01:30]} Qd6 {[%clk 0:00:38]} 21. g3
{[%clk 0:01:25]} Re8 {[%clk 0:00:35]} 22. Re2 {[%clk 0:01:03]} Qc6
{[%clk 0:00:31]} 23. a4 {[%clk 0:01:00]} a6 {[%clk 0:00:26]} 24. Rfe1
{[%clk 0:01:00]} Kh8 {[%clk 0:00:19]} 25. e4 {[%clk 0:00:45]} dxe4
{[%clk 0:00:11]} 26. Bxe4 {[%clk 0:00:46]} Rxe4 {[%clk 0:00:08]} 27. Rxe4
{[%clk 0:00:39]} Re6 28. Rxe6 {[%clk 0:00:16]} Qh1+ {[%clk 0:00:10]} 29. Kf2
{[%clk 0:00:18]} Qxh2+ {[%clk 0:00:11]} 30. Ke3 {[%clk 0:00:16]} Qxc2
{[%clk 0:00:12]} 31. Rxb6 {[%clk 0:00:15]} Qc3+ {[%clk 0:00:12]} 32. Ke2
{[%clk 0:00:15]} Qc2+ {[%clk 0:00:10]} 33. Ke3 {[%clk 0:00:16]} Qc3+ 34. Ke2 Bf3+
{[%clk 0:00:12]} 35. Kf2 {[%clk 0:00:19]} Qd2+ {[%clk 0:00:14]} 36. Kxf3 Qxe1 37.
Rb8+ {[%clk 0:00:12]} Kh7 {[%clk 0:00:16]} 38. Rc8 {[%clk 0:00:13]} Qd1+
{[%clk 0:00:16]} 39. Ke3 {[%clk 0:00:14]} Qxb3+ {[%clk 0:00:17]} 0-1

[Event "C14"]
[Site "?"]
[Date "2016.08.07"]
[Round "19.5"]
[White "Pultorak, Jan"]
[Black "Kozak, Antoni"]
[Result "0-1"]
[LiveChessVersion "1.4.8"]
[BlackElo "1772"]
[WhiteElo "1821"]

1. b3 c5 2. Bb2 Nc6 3. e3 d5 4. f4 Nf6 5. d3 g6 6. Nf3 Bg7 7. Qe2 O-O 8. g3 Re8
9. Nbd2 a5 10. Bg2 Nb4 11. Nf1 Bg4 12. a3 Nc6 13. N1d2 e5 14. fxe5 Nxe5 15. O-O
Bxf3 16. Nxf3 Neg4 17. e4 dxe4 18. Ng5 exd3 19. Qxd3 h6 20. Nh3 Qb6 21. Kh1 Rad8
22. Qf3 Rd2 23. Qxb7 Qxb7 24. Bxb7 Rxh2+ 25. Kg1 Rxh3 26. Bxf6 Bxf6 27. Rxf6 Nxf6
28. Kg2 Rh5 29. Rf1 Kg7 30. Bf3 Rhe5 31. c4 Re3 32. Rf2 Rxb3 33. Bc6 Ree3 34. g4
Rg3+ 35. Kf1 Rb1+ 36. Ke2 Rb2+ 0-1

[Event "C14"]
[Site "?"]
[Date "2016.08.07"]
[Round "20.1"]
[White "Ochowicz, Jakub"]
[Black "Kosakowski, Jakub"]
[Result "0-1"]
[LiveChessVersion "1.4.8"]
[BlackElo "2191"]
[WhiteElo "1786"]

1. e4 {[%clk 0:03:03]} c5 {[%clk 0:03:03]} 2. Nf3 {[%clk 0:03:04]} d6
{[%clk 0:03:04]} 3. d4 {[%clk 0:03:06]} cxd4 {[%clk 0:03:06]} 4. Nxd4
{[%clk 0:03:07]} Nf6 {[%clk 0:03:07]} 5. Nc3 {[%clk 0:03:07]} a6 {[%clk 0:03:08]}
6. Be3 {[%clk 0:03:08]} e5 {[%clk 0:03:09]} 7. Nf3 {[%clk 0:03:09]} Be7
{[%clk 0:03:09]} 8. Bc4 {[%clk 0:03:09]} O-O {[%clk 0:03:09]} 9. O-O
{[%clk 0:03:09]} Be6 {[%clk 0:03:04]} 10. Bb3 {[%clk 0:03:10]} Qc7
{[%clk 0:03:05]} 11. Qe2 {[%clk 0:03:12]} Rc8 {[%clk 0:03:06]} 12. Rfd1
{[%clk 0:03:13]} Nbd7 {[%clk 0:03:07]} 13. Bg5 {[%clk 0:02:56]} b5
{[%clk 0:02:53]} 14. Bxf6 {[%clk 0:02:40]} Nxf6 {[%clk 0:02:53]} 15. Ne1
{[%clk 0:02:41]} b4 {[%clk 0:02:50]} 16. Nd5 {[%clk 0:02:42]} Nxd5
{[%clk 0:02:41]} 17. Bxd5 {[%clk 0:02:44]} Bxd5 {[%clk 0:02:36]} 18. Rxd5
{[%clk 0:02:45]} a5 {[%clk 0:02:37]} 19. Rad1 {[%clk 0:02:08]} Rab8
{[%clk 0:02:30]} 20. Qa6 {[%clk 0:01:46]} Ra8 {[%clk 0:02:11]} 21. Qd3
{[%clk 0:01:38]} Qc6 {[%clk 0:02:05]} 22. b3 {[%clk 0:00:54]} a4 {[%clk 0:01:57]}
23. Qb5 {[%clk 0:00:45]} Qc3 {[%clk 0:01:40]} 24. R5d3 {[%clk 0:00:38]} Qb2
{[%clk 0:01:41]} 25. Qxb4 {[%clk 0:00:34]} Qxa2 {[%clk 0:01:41]} 26. bxa4
{[%clk 0:00:32]} Qxa4 {[%clk 0:01:35]} 27. Qb7 {[%clk 0:00:27]} Bf8
{[%clk 0:01:33]} 28. g3 {[%clk 0:00:22]} Rab8 {[%clk 0:01:32]} 29. Qd5
{[%clk 0:00:23]} Rc5 {[%clk 0:01:33]} 30. Qb3 {[%clk 0:00:03]} Rxb3
{[%clk 0:01:33]} 31. Rxb3 {[%clk 0:00:03]} Qxe4 {[%clk 0:01:32]} 32. Rb8
{[%clk 0:00:03]} g6 {[%clk 0:01:30]} 33. Nd3 {[%clk 0:00:04]} Rxc2
{[%clk 0:01:30]} 34. Kf1 Qe2+ {[%clk 0:01:30]} 35. Kg2 {[%clk 0:00:04]} Qxd1
{[%clk 0:01:31]} 0-1

[Event "C14"]
[Site "?"]
[Date "2016.08.07"]
[Round "20.2"]
[White "Teclaf, Pawel"]
[Black "Szczurek, Krzysztof"]
[Result "1-0"]
[LiveChessVersion "1.4.8"]
[BlackElo "1939"]
[WhiteElo "2233"]

1. e4 {[%clk 0:03:02]} d5 {[%clk 0:03:04]} 2. exd5 {[%clk 0:03:03]} Qxd5
{[%clk 0:03:05]} 3. Nc3 {[%clk 0:03:04]} Qa5 {[%clk 0:03:06]} 4. d4
{[%clk 0:03:05]} c6 {[%clk 0:03:08]} 5. Nf3 {[%clk 0:03:05]} Nf6 {[%clk 0:03:09]}
6. Be2 {[%clk 0:03:04]} Bf5 {[%clk 0:03:09]} 7. O-O {[%clk 0:03:05]} e6
{[%clk 0:03:09]} 8. Nh4 {[%clk 0:03:03]} Bg6 {[%clk 0:03:10]} 9. Bf4
{[%clk 0:02:56]} Nbd7 {[%clk 0:03:10]} 10. Re1 {[%clk 0:02:52]} Bb4
{[%clk 0:03:04]} 11. Nxg6 {[%clk 0:02:48]} hxg6 {[%clk 0:03:05]} 12. Qd3
{[%clk 0:02:48]} O-O-O {[%clk 0:02:37]} 13. a3 {[%clk 0:02:33]} Bxc3
{[%clk 0:02:37]} 14. bxc3 {[%clk 0:02:34]} Nd5 {[%clk 0:02:34]} 15. Bd2
{[%clk 0:02:32]} Qc7 {[%clk 0:02:35]} 16. g3 {[%clk 0:02:32]} N5b6
{[%clk 0:02:26]} 17. a4 {[%clk 0:02:29]} Ne5 {[%clk 0:02:21]} 18. Qe4
{[%clk 0:02:27]} Nec4 {[%clk 0:02:18]} 19. Bf4 {[%clk 0:02:25]} Nd6
{[%clk 0:02:19]} 20. Qf3 {[%clk 0:02:11]} f6 {[%clk 0:02:16]} 21. c4
{[%clk 0:02:08]} e5 {[%clk 0:02:06]} 22. dxe5 {[%clk 0:02:08]} fxe5
{[%clk 0:02:07]} 23. Bxe5 {[%clk 0:02:07]} Rdf8 {[%clk 0:02:06]} 24. Qa3
{[%clk 0:01:59]} Qf7 {[%clk 0:01:44]} 25. f4 {[%clk 0:01:54]} Ndxc4
{[%clk 0:01:40]} 26. Bg4+ {[%clk 0:01:54]} Nd7 {[%clk 0:01:31]} 27. Qc5
{[%clk 0:01:41]} Ncb6 {[%clk 0:00:58]} 28. Qd6 {[%clk 0:01:34]} 1-0

[Event "C14"]
[Site "?"]
[Date "2016.08.07"]
[Round "20.3"]
[White "Kokoszczynski, Jan"]
[Black "Szpar, Milosz"]
[Result "1/2-1/2"]
[LiveChessVersion "1.4.8"]
[BlackElo "2000"]
[WhiteElo "1837"]

1. e4 {[%clk 0:03:04]} c5 {[%clk 0:03:04]} 2. Nf3 {[%clk 0:03:05]} Nc6 3. Bb5 g6
{[%clk 0:03:06]} 4. O-O {[%clk 0:03:06]} Bg7 {[%clk 0:03:07]} 5. Re1
{[%clk 0:03:06]} e5 {[%clk 0:03:09]} 6. Bxc6 {[%clk 0:02:56]} dxc6
{[%clk 0:03:10]} 7. d3 {[%clk 0:02:58]} Ne7 {[%clk 0:03:05]} 8. Be3 b6 9. Nbd2
{[%clk 0:03:01]} O-O {[%clk 0:03:04]} 10. a3 {[%clk 0:03:02]} f5 {[%clk 0:02:54]}
11. exf5 {[%clk 0:02:55]} Nxf5 {[%clk 0:02:44]} 12. Nc4 {[%clk 0:02:41]} Qc7
{[%clk 0:02:40]} 13. b4 {[%clk 0:02:29]} cxb4 {[%clk 0:02:32]} 14. axb4
{[%clk 0:02:27]} Be6 {[%clk 0:02:27]} 15. Rb1 {[%clk 0:01:50]} Bd5
{[%clk 0:02:22]} 16. Nfd2 {[%clk 0:01:28]} Qf7 {[%clk 0:02:11]} 17. Qe2
{[%clk 0:01:24]} Nd4 {[%clk 0:01:57]} 18. Bxd4 {[%clk 0:01:18]} exd4
{[%clk 0:01:57]} 19. f3 {[%clk 0:00:44]} Bh6 {[%clk 0:01:37]} 20. Qe7
{[%clk 0:00:12]} Be3+ {[%clk 0:01:17]} 21. Rxe3 {[%clk 0:00:14]} dxe3
{[%clk 0:01:18]} 22. Qxf7+ {[%clk 0:00:15]} Rxf7 {[%clk 0:01:12]} 23. Nxe3
{[%clk 0:00:16]} Re7 {[%clk 0:01:10]} 24. Ne4 {[%clk 0:00:16]} Rd8
{[%clk 0:01:02]} 25. Ra1 {[%clk 0:00:17]} Kg7 {[%clk 0:00:59]} 26. Kf2
{[%clk 0:00:17]} Bxe4 27. fxe4 {[%clk 0:00:18]} Rd4 {[%clk 0:00:55]} 28. Nc4
{[%clk 0:00:13]} Rc7 1/2-1/2

[Event "C14"]
[Site "?"]
[Date "2016.08.07"]
[Round "20.4"]
[White "Psyk, Radoslaw"]
[Black "Mis, Mieszko"]
[Result "1-0"]
[LiveChessVersion "1.4.8"]
[BlackElo "1863"]
[WhiteElo "2089"]

1. e4 {[%clk 0:03:01]} d5 {[%clk 0:03:04]} 2. exd5 Qxd5 {[%clk 0:03:05]} 3. Nc3
{[%clk 0:03:02]} Qa5 {[%clk 0:03:06]} 4. Nf3 {[%clk 0:03:03]} Nf6
{[%clk 0:03:07]} 5. h3 {[%clk 0:02:53]} Bf5 {[%clk 0:03:04]} 6. b4
{[%clk 0:02:51]} Qb6 {[%clk 0:02:46]} 7. a4 {[%clk 0:02:53]} c6 {[%clk 0:02:46]}
8. b5 {[%clk 0:02:49]} e6 {[%clk 0:02:28]} 9. a5 {[%clk 0:02:48]} Qd8
{[%clk 0:02:27]} 10. a6 {[%clk 0:02:42]} bxa6 {[%clk 0:02:24]} 11. bxc6
{[%clk 0:02:35]} Nxc6 {[%clk 0:02:06]} 12. Rxa6 {[%clk 0:02:09]} Nb4
{[%clk 0:01:43]} 13. Bb5+ {[%clk 0:02:09]} Nd7 {[%clk 0:01:44]} 14. Ne5
{[%clk 0:01:57]} Nxa6 {[%clk 0:00:46]} 15. Bxd7+ {[%clk 0:01:50]} Qxd7
{[%clk 0:00:47]} 16. Nxd7 {[%clk 0:01:51]} Kxd7 {[%clk 0:00:47]} 17. Qe2
{[%clk 0:01:40]} Nb4 {[%clk 0:00:38]} 18. Qb5+ {[%clk 0:01:41]} Kc7
{[%clk 0:00:39]} 19. O-O {[%clk 0:01:35]} Nxc2 {[%clk 0:00:25]} 20. d4
{[%clk 0:01:27]} Bd6 {[%clk 0:00:20]} 21. Qa5+ {[%clk 0:01:21]} Kd7
{[%clk 0:00:21]} 22. Nb5 {[%clk 0:01:21]} Bb4 {[%clk 0:00:15]} 23. Qc7+
{[%clk 0:01:20]} Ke8 {[%clk 0:00:15]} 24. Qc6+ {[%clk 0:01:06]} Ke7
{[%clk 0:00:15]} 25. Qc7+ {[%clk 0:01:07]} Ke8 {[%clk 0:00:10]} 26. Bd2
{[%clk 0:01:03]} 1-0